| 000 | 03066nkc a2200325za 4500 | ||
|---|---|---|---|
| 001 | 84432 | ||
| 003 | OSt | ||
| 005 | 20260420150948.0 | ||
| 007 | kh boc | ||
| 008 | 250408s18901968sp ||||| |||| 00| i|spa d | ||
| 040 |
_cM-RABA _aM-RABA _bspa |
||
| 245 | 0 | 1 |
_a[Restos de excavaciones arqueológicas _b: Szeged y Hódmezóvásárhely (Hungría)] _h[Material gráfico] |
| 260 | _c[ca. 1890 - 1968] | ||
| 300 |
_a5 fotografías _b: gelatina _c; imagen 12 x 17 cm _c; soporte secundario 21,4 x 28 cm |
||
| 500 | _aConjunto de cinco fotografías de restos de excavaciones arqueológicas conservadas en Instituto Universitario de Arqueología de Szeged y al Museo de la ciudad de Hódmezóvásárhely. | ||
| 500 | _aMontadas sobre soporte secundario de cartón. | ||
| 500 | _aAnotaciones mecanografiadas al verso. Hacen referencia al Instituto Universitario de Arqueología de Szeged y al Museo de la ciudad de Hódmezóvásárhely. | ||
| 500 | _aFechas tomadas del auge en las excavaciones arqueológicas de Hungría. | ||
| 505 | _aFot-563. "Szeged: Egyetemi archeeologiai intézet. Kettós lakógödör az ószentiváni bronzkori telepról." -- Fot-564. "Hódmezóvásárhely 9 Városi muzeum. Részlet a Kotacparti tiszai III. Kultura telepéról" -- Fot-565. "Hódmezóvásárhely 9 Városi muzeum. Edények a Kökénydombi egyik Kunyhó padozatán" -- Fot-566. "Szeged: Egyetemi archeeologiai intézet. Lakógödör az ószentiváni bronzkori telepról" -- Fot-567. "Szeged: Egyetemi archeeologiai intézet. Ószentiváni bronzkori telep edényei" | ||
| 505 | _aTraducciones: Fot-563. "Szeged: Instituto Universitario de Arqueología. Instituto Arqueológico Húngaro" -- Fot-564. "Museo de la ciudad de Hódmezóvásárhely 9. Detalle de la 3ª Colonia Cultural en Kotacparti, Tisza" -- Fot-565. "Museo de la ciudad de Hódmezóvásárhely 9. Vasijas en el suelo de una cabaña en Kökénydombi" -- Fot-566. "Szeged: Instituto Universitario de Arqueología. Instituto Arqueológico Húngaro" -- Fot-567. "Szeged: Instituto Universitario de Arqueología. Universidad de Arqueología" | ||
| 651 | 7 |
_aHungría _2embne _975079 |
|
| 655 | 7 |
_aFotografías. _954128 |
|
| 852 | _jFot-563 ; Fot-564 ; Fot-565 ; Fot-566 ; Fot-567 | ||
| 856 |
_3Fot-563 _uhttps://archivoybiblioteca.realacademiabellasartessanfernando.com/cgi-bin/koha/opac-retrieve-file.pl?id=44349c20cd8957d2a33400c0eb348fed |
||
| 856 |
_3Fot-564 _uhttps://archivoybiblioteca.realacademiabellasartessanfernando.com/cgi-bin/koha/opac-retrieve-file.pl?id=1b1504c6c5c91ff0610d775b96c41072 |
||
| 856 |
_3Fot-565 _uhttps://archivoybiblioteca.realacademiabellasartessanfernando.com/cgi-bin/koha/opac-retrieve-file.pl?id=c86beb3d3b80d5549fee0e052377e302 |
||
| 856 |
_3Fot-566 _uhttps://archivoybiblioteca.realacademiabellasartessanfernando.com/cgi-bin/koha/opac-retrieve-file.pl?id=f5aa6641a6fbd8b17956b5142a80ebb0 |
||
| 856 |
_3Fot-567 _uhttps://archivoybiblioteca.realacademiabellasartessanfernando.com/cgi-bin/koha/opac-retrieve-file.pl?id=20d011a5006abf582592661dd0979b15 |
||
| 942 |
_2ddc _cFOTOGRAFÍA _n0 |
||
| 999 |
_c84432 _d84432 |
||